000 00843nam a2200253 a 4500
001 958
003 BR-CuiBMT
005 20231124003345.0
008 231123s1998 spba 000 0 por d
020 _a8522419906
040 _aBR-CuiBMT
_cBR-CuiBMT
080 _22007
_a658:001.102
090 _a658:001.102
_bO48s
_c5. ed.
100 1 _aOliveira, Djalma de Pinho Rebouças de,
_d1943-
245 1 0 _aSistemas de informações gerenciais :
_bestratégias, táticas, operacionais /
_cDjalma de Pinho Rebouças de Oliveira.
250 _a5. ed.
260 _aSão Paulo :
_bAtlas,
_c1998.
300 _a275 p. :
_bil. ;
_c24 cm
504 _aInclui bibliografia.
650 _aSistemas de informação gerencial
650 _aTecnologia da informação
_xGovernança
650 _aSistemas de informação
_xAdministração
942 _2udc
_cLV
999 _c958
_d958